00350nam a2200145Ia 4500008004000000041000800040082001100048100001800059245003600077260004300113650000700156650001300163650001500176650001300191210210b1956 xxu||||| |||| 00| 0 eng d aeng a920/53 aTOYNBEE (A J) aHistorians approach to religion aLondonbOxford University Pressc1956 ato areligion aHistorians aapproach